| 000 | 00484cam a2200145 4500500 | ||
|---|---|---|---|
| 005 | 20251012022930.0 | ||
| 041 | _afre | ||
| 042 | _adc | ||
| 100 | 1 | 0 |
_aVincent, Anaïs _eauthor |
| 245 | 0 | 0 | _aL’audience, dans les coulisses de la justice d’asile |
| 260 | _c2025. | ||
| 500 | _a77 | ||
| 786 | 0 | _nMondes & Migrations | 1350 | 3 | 2025-07-08 | p. 222a-223 | 1142-852X | |
| 856 | 4 | 1 | _uhttps://shs.cairn.info/revue-mondes-migrations-2025-3-page-222a?lang=fr&redirect-ssocas=7080 |
| 999 |
_c1540971 _d1540971 |
||